00430nam a22001572 4500001001100000005001700011008004100028040001500069100003300084245004300117250001300160260004500173300001100218650004000229852000300269000001208120151217155850.0090201s xx 000 0 eng d aKABUcKABU1 aWanjau, Gakaara.@000016827710aMihiriga ya Agikuyu /cGakaara Wanjau. a3rd ed. aNairobi :bEquatorial Publishers,c1967. a57 p. 0aKikuyu (African people)@00001682781